| 000 | 00631nam a2200229Ia 4500 | ||
|---|---|---|---|
| 008 | 160418s9999 xx 000 0 und d | ||
| 020 | _a971-574-076-6 | ||
| 050 | _aFIL PL 6059 | ||
| 050 | _b.M36 2003 | ||
| 100 | _aManacsa, Felicitas R. | ||
| 245 | _aSining ng pakikipagtalastasan / | ||
| 245 | _cFelicita R. Manacsa. | ||
| 250 | _a2nd Edition | ||
| 260 | _aQuezon City: | ||
| 260 | _bKatha Pub. Co., Inc., | ||
| 260 | _c2003 | ||
| 300 | _a191 pages : | ||
| 300 | _billustrations ; | ||
| 300 | _c25 cm. | ||
| 650 | _aFilipino language -- Rhetoric -- Study and teaching. | ||
| 650 | _xFilipino language -- Grammar. | ||
| 999 |
_c293423 _d293423 |
||